Welcome to the Holygrace Academy Library

Please use search bar below to get started

SAINTS (Record no. 6645)

MARC details
000 -LEADER
fixed length control field 00295nam a22001457a 4500
020 ## - INTERNATIONAL STANDARD BOOK NUMBER
ISBN 81-7573-677-1
082 ## - DEWEY DECIMAL CLASSIFICATION NUMBER
Classification number 001
Item number DUA/F
100 ## - MAIN ENTRY--AUTHOR NAME
Personal name DUA,SHYAM
245 ## - TITLE STATEMENT
Title SAINTS
250 ## - EDITION STATEMENT
Edition statement FIRST
260 ## - PUBLICATION, DISTRIBUTION, ETC. (IMPRINT)
Place of publication DELHI
Name of publisher TINY TOT
Year of publication 2004
300 ## - PHYSICAL DESCRIPTION
Number of Pages 108
650 ## - SUBJECT ADDED ENTRY--TOPICAL TERM
Topical Term INDIAN SAINTS
Geographic subdivision INDIA
942 ## - ADDED ENTRY ELEMENTS (KOHA)
Koha item type Books
Holdings
Withdrawn status Lost status Collection code Home library Current library Shelving location Date acquired Source of acquisition Full call number Accession Number Koha item type
    Reference Main Library Main Library SHELF-17-L-BIOGRAPHIES & AUTOBIOGRAPHIES 16/11/2006 PURCHASE 001 DUA/F 03276 Books